000 00376nab a22001097u 4500
008 130520b1986 xxu||||| |||| 00| 0 spa d
041 _aspa
100 1 _aDussel, Enrique D.
_98971
245 0 0 _aFlujo y reflujo del evangelio. Cuando los evangelizados se tornan evangelizadores
_cEnrique D. Dussel
773 0 _tConcilium
_gV.2,1986,págs.265-275
_x0210-1041
_wRev134
942 _cAR
999 _c355228
_d355228